[Event "Muensterland Regionalliga 2122"]
[Site "Germany"]
[Date "2021.10.02"]
[Round "1.8"]
[White "Suehling, Rasmus Gabriel"]
[Black "Parameswaran, Vithushan"]
[Result "0-1"]
[WhiteElo "1630"]
[BlackElo "1798"]
[PlyCount "46"]
[EventDate "2021.10.02"]
[EventType "team-tourn"]
[EventRounds "3"]
[EventCountry "GER"]
[SourceTitle "EXT 2023"]
[Source "ChessBase"]
[SourceDate "2022.10.05"]
[SourceVersion "1"]
[SourceVersionDate "2022.10.05"]
[SourceQuality "1"]
[WhiteTeam "Borken"]
[BlackTeam "Ahaus Wessum"]
[WhiteTeamCountry "GER"]
[BlackTeamCountry "GER"]

1. e4 e5 2. Nf3 Nc6 3. d4 exd4 4. Nxd4 Bc5 5. Be3 Qf6 6. c3 Nge7 7. Bc4 d6 8. h3 Qg6 9. Qf3 Ne5 10. Bxf7+ Qxf7 11. Qxf7+ Nxf7 12. Nb5 Bxe3 13. fxe3 Kd8 14. 0-0 Ne5 15. Nd2 Be6 16. Nd4 Kd7 17. b3 Rhf8 18. N2f3 Nxf3+ 19. Nxf3 Rae8 20. Rad1 Kc8 21. Kh2 Nc6 22. Ng5 Rxf1 23. Rxf1 Bg8 0-1